000 00526nam a2200193 a 4500
001 18196
003 CO-ViMGA
008 141112s2004 ck r 000 u spa d
020 _a9501740056
040 _aCO-ViMGA
_bspa
_cCO-ViMGA
082 0 4 _a133.5 R465q
100 1 _aRios, Ana Lia
_925900
245 1 0 _a¿Que esconden los signos del zodíaco?
260 _aBuenos Aires (Argentina),
_cKier,
_c2002
300 _a160.p.
590 _aForma de adquisición : Premio - Mincultura
650 1 4 _aASTROLOGIA
942 _2ddc
_cBK
999 _c27557
_d27557